|
|
|
|
| LEADER |
00000nab a2200000 a 4500 |
| 001 |
vtls000635025 |
| 003 |
SK-MaSNL |
| 005 |
20260303192343.0 |
| 008 |
160401c xo 0 slo |
| 015 |
|
|
|a SNBRB19rr/mm-uuuuu
|
| 035 |
|
|
|a CL0635164
|
| 040 |
|
|
|a SNKBUCL
|b slo
|c SNKBUCL
|e AACR2
|
| 041 |
0 |
|
|a slo
|
| 044 |
|
|
|a xo
|c SK
|
| 080 |
|
|
|a 296:061.25(437.6)
|2 1981
|
| 080 |
|
|
|a 940.5(=924)
|2 1981
|
| 080 |
|
|
|a 341.485
|2 1981
|
| 080 |
|
|
|a 940.53
|2 1981
|
| 080 |
|
|
|a 943.76(=924)"1939/1945"
|2 1981
|
| 100 |
1 |
|
|a Weiss, Jozef
|4 aut
|9 329230
|
| 245 |
1 |
0 |
|a Príbeh, v ktorom zďaleka nešlo iba o zlato
|c Jozef Weiss, Márius Kopcsay
|
| 300 |
|
|
|b Fotogr. 2, obr. 4
|
| 610 |
2 |
7 |
|a Židovská náboženská obec
|2 snkbucl
|9 33076
|
| 655 |
|
7 |
|a články z novín a časopisov
|2 snkbucl
|9 267496
|
| 700 |
1 |
|
|a Kopcsay, Márius,
|d 1968-
|4 aut
|9 17401
|
| 773 |
0 |
|
|t Sme plus
|g Roč. 31 (50), č. 34 (1997), s. 30-32
|
| 850 |
|
|
|a Slovenská národná knižnica v Martine
|a MTA001
|
| 852 |
|
|
|a SNK
|b KIS3GCP
|
| 958 |
|
|
|a SK
|
| 958 |
|
|
|a RK
|
| 958 |
|
|
|a RBX
|
| 999 |
|
|
|c 2145686
|d 2147616
|